00417nam a2200145Ia 4500100003000000942000700030654001300037245003900050260002900089082001900118300000800137546001200145999001700157952009700174 aBooch G/ Rumbaugh/ James  cBK acomputer aUnified Modeling lang User Guide bAddison Wesley Pubc1999 a5.117bboo/rum a482 aENGLISH c27200d27200 001040708CRCaCRCEbCRCEd2023-03-17l0o5.117 boo/rump11086r2023-03-17w2023-03-17yBK